000 00936nam a2200289 i 4500
001 11103
003 ES-MaACL
005 20250815020207.0
007 t|
008 920507s1992 sp a |||| | cat j
020 _a84-7533-716-3
080 _a331.105/.109(460.23)"18/19"
080 _a329.17(460.23)"18/19"
100 1 _aLlorens, Jordi.
_972874
245 1 0 _aObrerisme i catalanisme
_b: (1875-1931) /
_cJordi Llorens.
250 _a1ª ed.
260 _aBarcelona :
_bBarcanova,
_c1992.
300 _a96 p :
_bil ;
_c19 cm.
490 1 _aBiblioteca bàsica d'història de Catalunya.
_aSèrie "Els dies i els fets"
500 _aÍndice.
504 _aBibliografía: p. 96.
650 1 4 _aMovimiento obrero-
_zCataluña.
_9170582
650 4 _aNacionalismo-
_zCataluña-
_xHistoria.
_915443
830 0 0 _aBiblioteca bàsica d'història de Catalunya
_9228179
852 _aES-MaACL
_jL-18385
999 _c11103
_d11103